La transacción (Registro nro. 21833)

Detalles MARC
000 -ENCABEZADO
Número de control [NR] 00892cam a2200241 a 4500
005 - FECHA Y HORA DE LA ÚLTIMA TRANSACCIÓN
control field 20160608065118.0
008 - DE LONGITUD FIJA DE DATOS DE ELEMENTOS - INFORMACIÓN GENERAL
Elementos de longitud fija [NR] 130821s1997 ck gr spa
020 ## - NUMERO INTERNACIONAL NORMALIZADO PARA LIBROS [R]
Número Internacional Normalizado del libro [NR] 9586531147
020 ## - NUMERO INTERNACIONAL NORMALIZADO PARA LIBROS [R]
Número Internacional Normalizado del libro [NR] 9789586531146
040 ## - FUENTE DE CATALOGACION [NR]
Agencia de catalogación original [NR] Co-BoUCM
Idioma de catalogación [NR] spa
Quien Cataloga David Avila (modificó)
Quien Clasifica [Nuevo]
041 0# - CODIGO DE IDIOMA [R]
Código de idioma para texto/pista de sonido o título separado [R] Español
100 ## - ASIENTO PRINCIPAL--NOMBRE PERSONAL [NR]
Nombre personal [NR] Valdés Sánchez, Roberto
ID Autoridad 77565
245 13 - MENCION DE TITULO [NR]
Título [NR] La transacción
Parte restante del título [NR] solución alternativa de conflictos
Mención de responsabilidad, etc. [NR] Roberto Valdés Sánchez
260 ## - PUBLICACION, DISTRIBUCION, ETC. (PIE DE IMPRENTA) [R]
Lugar de publicación, distribución, etc. [R] Bogotá (Cundinamarca, Colombia)
Nombre del editor, distribuidor, etc. [R] Legis
Fecha de publicación, distribución, etc. [R] 1997
300 ## - DESCRIPCION FISICA [R]
Extensión [R] 255 páginas
490 0# - MENCION DE SERIE [R]
Mención de serie [R] Serie alternativas para la solución de conflictos
504 ## - NOTA DE BIBLIOGRAFIA, ETC. [R]
Nota de bibliografía, etc. [NR] Incluye referencias bibliográficas e índices
650 04 - ASIENTO SECUNDARIO DE MATERIA - TERMINO TEMATICO [R]
Término temático o nombre geográfico como elemento de entrada [NR] Arbitramento comercial
9 (RLIN) 9304
650 04 - ASIENTO SECUNDARIO DE MATERIA - TERMINO TEMATICO [R]
Término temático o nombre geográfico como elemento de entrada [NR] Resolución de disputas (Derecho)
9 (RLIN) 23647
690 #0 - ASUNTO AGREGADO LOCAL DE ENTRADA - TÉRMINO TEMÁTICO (OCLC, RLIN)
Acceso temático local Derecho comercial
9 (RLIN) 12717
942 ## - ELEMENTOS DE ENTRADA AGREGADOS (KOHA)
Tipo de ítem principal el descrito en 300a Libro de reserva
Sistema de clasificación DEWEY
Tema principal Derecho
Edición 1
Clasificación 346.074
Parte restante de la signatura top. V148t
Existencias
Fecha de último préstamo Total préstamos Total Renewals Signatura topográfica Código de barras Última vez visto Ejemplar Price effective from Tipo de ítem Perdido Sistema de clasificación Dañado No prestable Tipo de ítem específico Suprimido Ubicación habitual Ubicación actual Localización Fecha de creación Forma de adquisición Costo
28/09/2023 68 3 346.074 V148t 100043500 09/12/2025 Ej.1 03/02/2013 Libro   DEWEY     Libro   Claustro Claustro 3er piso 28/02/2003 Compra 22000.00
28/09/2023 11 7 346.074 V148t 100049337 09/12/2025 Ej.2 03/02/2013 Libro   DEWEY     Libro   Claustro Claustro 3er piso 28/02/2003 Compra 29000.00